The past in pieces : belonging in the new Cyprus

Αποθηκεύτηκε σε:
Λεπτομέρειες βιβλιογραφικής εγγραφής
Κύριος συγγραφέας: Bryant, Rebecca
Μορφή: Βιβλίο
Γλώσσα:English
Δημοσίευση: Oxford : University of Pennsylvania Press, 2010
Θέματα:
Ετικέτες: Προσθήκη ετικέτας
Δεν υπάρχουν, Καταχωρήστε ετικέτα πρώτοι!

MARC

LEADER 00000nam a2200000 i 4500
001 1/28301
008 130412s2010 eng d
020 |a 978-0-8122-4260-7 
035 |l 10114171 
040 |a GR-MY-UA  |b gre  |e aacr 
041 0 |a eng 
082 0 |a 956.9304  |2 (22) 
100 1 |a Bryant, Rebecca. 
245 1 4 |a The past in pieces :  |b belonging in the new Cyprus /  |c Rebecca Bryant 
260 |a Oxford :   |b University of Pennsylvania Press,   |c 2010 
300 |a ix, 207 σ.;  |b εικ.;  |c 24 εκ. 
504 |a Περιλαμβάνει βιβλιογραφία και ευρετήριο 
650 0 0 |a Nationalism  |z Cyprus. 
650 0 0 |a Turks  |z Cyprus  |x Ethnic identity. 
650 0 0 |a Greeks  |z Cyprus  |x Ethnic relations. 
651 0 |a Cyprus  |x History. 
651 0 |a Cyprus  |x Ethnic relations. 
852 |a INST  |b LESVOS  |e 20130412  |h 956.9304 BRY  |p 005100052571  |q 005100052571  |t BK  |y 0 
901 |a BIBL1-2013-1 
909 |a Λ  |b 177710 
922 |a 1ΕΛΗ  |b 201210  |c ΤΜΗΜΑ ΚΟΙΝΩΝΙΚΗΣ ΑΝΘΡΩΠΟΛΟΓΙΑΣ ΚΑΙ ΙΣΤΟΡΙΑΣ  |d ΙΩΑΝΝΙΔΟΥ 
970 |a ΤΖΑΦΕΡΗ  |b ΕΥΑΓΓΕΛΙΑ  |z 2013/04/12